000 00435nam a22001697a 4500
005 20251108174904.0
008 250721s2003 xx 000 0 ara d
082 1 4 _a346.01/ناص
100 1 _aناصيف، الياس
245 1 0 _aالوصية /
264 _bالمؤلف،
_c2003.
300 _a591ص
650 1 7 _aقانون الأحوال الشخصية
653 _aالوصية
942 _2ddc
_cBK
999 _c120694
_d120694